00670cam a2200193 a 4500020001500000040000800015082002600023245003400049260007600083300003300159650001800192650001800210650001300228650001800241710006100259942001000320999001700330952012900347 a9251023417 cDLC00a333 FOO 1985 C159 Or.00aTree growing by rural people. aRome :bFood and Agriculture Organization of the United Nations,c1985. aix, 130 p. :bill. ;c30 cm. 0aTree planting 0aReforestation 0aFuelwood 0aForest policy2 aFood and Agriculture Organization of the United Nations. cAEDBB c19055d19055 0010406333_000000000000000_FOO_1985_C159_OR70983804aLBCbLBCd2020-03-04eA38359o333 FOO 1985 C159 Or.r2020-03-04yEK